Зарубежные и отечественные платформы сетей NGN: учебное пособие

Dades bibliogràfiques
Autor principal: Росляков А. В. Александр Владимирович
Sumari:Рассмотрены принципы построения, применения и проектирования оборудования зарубежных и отечественных коммуникационных платформ, используемых для построения сетей связи следующего поколения NGN. Обобщена и систематизирована информация о мультисервисных платформах NGN на базе гибких коммутаторов (softswitch). Материал по каждой платформе NGN представлен по однотипной схеме и включает описание структуры и технические характеристики основных аппаратно-программных компонентов платформы (гибких коммутаторов, различных типов шлюзов, устройств доступа, терминальных устройств, программных систем приложений и др.), а также варианты применения оборудования на сетях NGN. Для студентов высших учебных заведений, обучающихся по направлению подготовки «Ифокоммуникационные технологии и системы связи» квалификации (степени) «бакалавр», будет полезно специалистам.
Idioma:rus
Publicat: Москва, Горячая линия-Телеком, 2014
Col·lecció:Учебное пособие для высших учебных заведений
Специальность
Matèries:
Format: MixedMaterials Llibre
KOHA link:https://koha.lib.tpu.ru/cgi-bin/koha/opac-detail.pl?biblionumber=263791

MARC

LEADER 00000nam0a2200000 4500
001 263791
005 20231101233755.0
010 |a 9785991204019 
035 |a (RuTPU)RU\TPU\book\286780 
090 |a 263791 
100 |a 20140611d2014 m y0rusy50 ca 
101 0 |a rus 
102 |a RU 
105 |a a j 001zy 
200 1 |a Зарубежные и отечественные платформы сетей NGN  |e учебное пособие  |f А. В. Росляков 
210 |a Москва  |c Горячая линия-Телеком  |d 2014 
215 |a 258 с.  |c ил. 
225 1 |a Учебное пособие для высших учебных заведений 
225 1 |a Специальность 
320 |a Библиогр.: с. 249-250. 
330 |a Рассмотрены принципы построения, применения и проектирования оборудования зарубежных и отечественных коммуникационных платформ, используемых для построения сетей связи следующего поколения NGN. Обобщена и систематизирована информация о мультисервисных платформах NGN на базе гибких коммутаторов (softswitch). Материал по каждой платформе NGN представлен по однотипной схеме и включает описание структуры и технические характеристики основных аппаратно-программных компонентов платформы (гибких коммутаторов, различных типов шлюзов, устройств доступа, терминальных устройств, программных систем приложений и др.), а также варианты применения оборудования на сетях NGN. Для студентов высших учебных заведений, обучающихся по направлению подготовки «Ифокоммуникационные технологии и системы связи» квалификации (степени) «бакалавр», будет полезно специалистам. 
606 1 |a Сети следующего поколения NGN  |2 stltpush  |3 (RuTPU)RU\TPU\subj\67388  |9 83212 
610 1 |a построение 
610 1 |a платформы 
610 1 |a гибкие коммутаторы 
610 1 |a применение 
610 1 |a проектирование 
610 1 |a структура 
610 1 |a техническая характеристика 
610 1 |a аппаратно-программные компоненты 
610 1 |a российские компании 
610 1 |a зарубежные компании 
610 1 |a учебные пособия 
675 |a 621.39.052(075.8)  |v 3 
700 1 |a Росляков  |b А. В.  |g Александр Владимирович 
801 1 |a RU  |b 63413507  |c 20140611 
801 2 |a RU  |b 63413507  |c 20150707  |g RCR 
900 |a Системы связи и оповещения 
942 |c BK 
954 |b 210700  |l 8.1 
959 |a 103/20140610  |d 2  |e 374,00  |f ЧЗТЛ:1  |f АНЛ:1